Conscription of conscience : (Record no. 49070)
[ view plain ]
| 000 -LEADER | |
|---|---|
| fixed length control field | 00869nam a2200253 a 4500 |
| 001 - CONTROL NUMBER | |
| control field | 49070 |
| 003 - CONTROL NUMBER IDENTIFIER | |
| rucl marc code | BD-RjUL |
| 005 - DATE AND TIME OF LATEST TRANSACTION | |
| control field | 20211209054630.0 |
| 008 - FIXED-LENGTH DATA ELEMENTS--GENERAL INFORMATION | |
| fixed length control field | 160817s1952 enk b 001 0 eng |
| 035 ## - SYSTEM CONTROL NUMBER | |
| System control number | (BD-RjUL)49189 |
| 040 ## - CATALOGING SOURCE | |
| Original cataloging agency | DLC |
| Transcribing agency | OCX |
| Modifying agency | OCoLC |
| -- | BD-RjUL |
| Language of cataloging | eng |
| 041 ## - LANGUAGE CODE | |
| Language code of text/sound track or separate title | eng |
| 082 ## - DEWEY DECIMAL CLASSIFICATION NUMBER | |
| Classification number | 355.22 |
| Edition number | 23 |
| Author mark and year | SIC 1952 |
| 100 10 - MAIN ENTRY--PERSONAL NAME | |
| Personal name | Sibley, Mulford Quickert. |
| 9 (RLIN) | 147630 |
| 245 10 - TITLE STATEMENT | |
| Title | Conscription of conscience : |
| Remainder of title | the American state and the conscientious objector, 1940-1947 / |
| Statement of responsibility, etc. | by Mulford Q. Sibley and Philip E. Jacob. |
| 260 ## - PUBLICATION, DISTRIBUTION, ETC. (IMPRINT) | |
| Place of publication, distribution, etc. | Ithaca : |
| Name of publisher, distributor, etc. | Cornell University Press, |
| Date of publication, distribution, etc. | c1952. |
| 300 ## - PHYSICAL DESCRIPTION | |
| Pagination | x, 580 p. ; |
| Size | 24 cm. |
| 500 ## - GENERAL NOTE | |
| General note | Include lndex |
| 650 #0 - SUBJECT ADDED ENTRY--TOPICAL TERM | |
| Topical term or geographic name as entry element | Conscientious objectors |
| Geographic subdivision | United States. |
| 9 (RLIN) | 147631 |
| 700 1# - ADDED ENTRY--PERSONAL NAME | |
| Personal name | Jacob, Philip E., |
| Relator term | joint author. |
| 942 ## - ADDED ENTRY ELEMENTS (KOHA) | |
| Source of classification or shelving scheme | Dewey Decimal Classification |
| Koha item type | Books |
| Lost status | Source of classification or shelving scheme | Damaged status | Not for loan | Collection code | Permanent Location | Current Location | Shelving location | Date acquired | Source of acquisition | Cost, normal purchase price | Total Checkouts | Full call number | Date last seen | Copy number | Koha item type |
|---|---|---|---|---|---|---|---|---|---|---|---|---|---|---|---|
| Dewey Decimal Classification | Non-fiction | Central Library, University of Rajshahi | Central Library, University of Rajshahi | 24/09/1956 | Mirza Book agency | 44.40 | 355.224 SIC 1952 | 17/08/2016 | C-2 | Books |